Biggest City in Each Country - Statistics

General Stats
  • This quiz has been taken 13 times
  • The average score is 133 of 195
Answer Stats
Country Capital City % Correct
United Kingdom London
100%
Netherlands Amsterdam
92%
Greece Athens
92%
Azerbaijan Baku
92%
Belgium Brussels
92%
Romania Bucharest
92%
Hungary Budapest
92%
Denmark Copenhagen
92%
Ireland Dublin
92%
Finland Helsinki
92%
Afghanistan Kabul
92%
Ukraine Kiev
92%
Spain Madrid
92%
Belarus Minsk
92%
Russia Moscow
92%
Norway Oslo
92%
France Paris
92%
Czech Republic Prague
92%
Iceland Reykjavík
92%
Latvia Riga
92%
Bosnia and Herzegovina Sarajevo
92%
Bulgaria Sofia
92%
Sweden Stockholm
92%
Australia Sydney
92%
Albania Tirana
92%
Vatican City Vatican City
92%
Austria Vienna
92%
Lithuania Vilnius
92%
Poland Warsaw
92%
Croatia Zagreb
92%
Jordan Amman
85%
New Zealand Auckland
85%
Iraq Baghdad
85%
Thailand Bangkok
85%
Lebanon Beirut
85%
Serbia Belgrade
85%
Slovakia Bratislava
85%
Egypt Cairo
85%
Morocco Casablanca
85%
Syria Damascus
85%
Bangladesh Dhaka
85%
Qatar Doha
85%
Cuba Havana
85%
Turkey Istanbul
85%
Indonesia Jakarta
85%
South Africa Johannesburg
85%
Jamaica Kingston
85%
Saint Vincent and the Grenadines Kingstown
85%
Portugal Lisbon
85%
Luxembourg Luxembourg
85%
Italy Milan
85%
Monaco Monaco
85%
Oman Muscat
85%
Kenya Nairobi
85%
United States New York City
85%
Panama Panama City
85%
South Korea Seoul
85%
Singapore Singapore
85%
North Macedonia Skopje
85%
Estonia Tallinn
85%
Georgia Tbilisi
85%
Iran Tehran
85%
Japan Tokyo
85%
Canada Toronto
85%
Switzerland Zürich
85%
Ethiopia Addis Ababa
77%
Algeria Algiers
77%
Andorra Andorra la Vella
77%
Colombia Bogotá
77%
Argentina Buenos Aires
77%
Venezuela Caracas
77%
Djibouti Djibouti
77%
United Arab Emirates Dubai
77%
Guatemala Guatemala City
77%
Zimbabwe Harare
77%
Vietnam Ho Chi Minh City
77%
Israel Jerusalem
77%
Uganda Kampala
77%
Sudan Khartoum
77%
Democratic Republic of the Congo Kinshasa
77%
Malaysia Kuala Lumpur
77%
Kuwait Kuwait City
77%
Nigeria Lagos
77%
Peru Lima
77%
Slovenia Ljubljana
77%
Nicaragua Managua
77%
Philippines Metro Manila
77%
Mexico Mexico City
77%
Somalia Mogadishu
77%
India Mumbai
77%
Bahamas Nassau
77%
Cambodia Phnom Penh
77%
Haiti Port-au-Prince
77%
Papua New Guinea Port Moresby
77%
Saudi Arabia Riyadh
77%
El Salvador San Salvador
77%
Chile Santiago
77%
Liechtenstein Schaan
77%
Taiwan Taipei
77%
Uzbekistan Tashkent
77%
Libya Tripoli
77%
Tunisia Tunis
77%
Mongolia Ulaanbaatar
77%
Malta Valletta
77%
Seychelles Victoria
77%
Kazakhstan Almaty
69%
Barbados Bridgetown
69%
Sri Lanka Colombo
69%
East Timor Dili
69%
Sierra Leone Freetown
69%
Guyana Georgetown
69%
China Guangzhou
69%
Pakistan Karachi
69%
Nepal Kathmandu
69%
Rwanda Kigali
69%
Angola Luanda
69%
Maldives Malé
69%
Uruguay Montevideo
69%
North Korea Pyongyang
69%
Yemen Sana'a
69%
Brazil São Paulo
69%
São Tomé and Príncipe São Tomé
69%
Fiji Suva
69%
Bhutan Thimphu
69%
Armenia Yerevan
69%
Ghana Accra
62%
Madagascar Antananarivo
62%
Paraguay Asunción
62%
Belize Belmopan
62%
Guinea-Bissau Bissau
62%
Republic of the Congo Brazzaville
62%
Moldova Chișinău
62%
Guinea Conakry
62%
Senegal Dakar
62%
Tanzania Dar es Salaam
62%
South Sudan Juba
62%
Bahrain Manama
62%
Liberia Monrovia
62%
Chad N'Djamena
62%
Cyprus Nicosia
62%
Montenegro Podgorica
62%
Kosovo Pristina
62%
Costa Rica San José
62%
Dominican Republic Santo Domingo
62%
Namibia Windhoek
62%
Myanmar Yangon
62%
Samoa Apia
54%
Turkmenistan Ashgabat
54%
Mali Bamako
54%
Central African Republic Bangui
54%
Kyrgyzstan Bishkek
54%
Saint Lucia Castries
54%
Tuvalu Funafuti
54%
Botswana Gaborone
54%
Gabon Libreville
54%
Zambia Lusaka
54%
Mozambique Maputo
54%
Comoros Moroni
54%
Niger Niamey
54%
Mauritania Nouakchott
54%
Burkina Faso Ouagadougou
54%
Suriname Paramaribo
54%
Mauritius Port Louis
54%
Brunei Bandar Seri Begawan
46%
Malawi Lilongwe
46%
Dominica Roseau
46%
Antigua and Barbuda Saint John's
46%
Honduras Tegucigalpa
46%
Laos Vientiane
46%
Ivory Coast Abidjan
38%
Eritrea Asmara
38%
Saint Kitts and Nevis Basseterre
38%
Benin Cotonou
38%
Tajikistan Dushanbe
38%
Togo Lomé
38%
Lesotho Maseru
38%
Cape Verde Praia
38%
Nauru Yaren
38%
Cameroon Douala
31%
Ecuador Guayaquil
31%
Solomon Islands Honiara
31%
Tonga Nukuʻalofa
31%
Vanuatu Port Vila
31%
Grenada Saint George's
31%
Burundi Bujumbura
23%
Marshall Islands Majuro
23%
Equatorial Guinea Bata
15%
Bolivia Santa Cruz de la Sierra
15%
Kiribati Betio
8%
Trinidad and Tobago Chaguanas
8%
Palau Koror
8%
Eswatini Manzini
8%
Gambia Serekunda
8%
Federated States of Micronesia Weno
8%
San Marino Dogana
0%
No matching quizzes found
Score Distribution
Percent of People with Each Score
Percentile by Number Answered
Your Score History
You have not taken this quiz